00382nam a2200133Ia 450000500170000000800410001702000150005808200130007310000360008624500300012226000400015230000130019250000430020520250516025448.0240331s9999 xx 000 0 und d a9559555901 a294bBEL a Beligalle Dhammajoti, Bhikkhu  0aBauddha arthika darsanaya aDehiwalabSri devi publishersc1993 a126 p ., aA Book of Buddhist Economic Philosophy